Parole italiane che derivano da lingue africane - Statistics

Statistiche generali
  • Questo quiz è stato fatto 62 volte
  • Il punteggio medio è 2 su 5
Statistiche sulle risposte
Indizio Parola Lingua % Corretto
Spedizione nella savana africana con lo scopo di avvistare, fotografare (e, talvolta, cacciare) i grandi mammiferi che caratterizzano la fauna del continente nero. Safari Swahili (Kenya e Tanzania)
94%
Trombetta in plastica dal suono potente. Viene utilizzata soprattutto dai tifosi di calcio durante le partite, ed è stata resa celebre dai mondiali tenutisi in Sudafrica nel 2010. Vuvuzela Zulu (Sudafrica)
62%
Situazione confusa e caotica, rumorosa. Può essere associato al significato di "baraonda". Pare che il termine derivi dal nome di una confusa e cruenta battaglia del 1936. Ambaradan Amarico (Etiopia)
36%
Titolo dell'imperatore etiope. Negus Ge'ez (Etiopia)
28%
Piccola autorità locale, generalmente dispotica e tronfia; talvolta si usa per indicare i capi di associazioni criminali. In origine, indicava i più alti dignitari della corte etiope. Ras Amarico (Etiopia)
26%
Nessun quiz corrispondente trovato
Distribuzione punteggi
Percentuale di utenti per punteggio
Percentile per numero di risposta
I tuoi punteggi nel tempo
Non hai fatto questo quiz